| 000 | 02192cam a2200349 a 4500 | ||
|---|---|---|---|
| 001 | 12744029 | ||
| 005 | 20230502152511.0 | ||
| 008 | 020417s2002 enkab b 001 0 eng | ||
| 010 | _a 2002280153 | ||
| 015 | _aGBA2-Z2726 | ||
| 020 | _a1859846793 | ||
| 035 | _a(OCoLC)ocm48834950 | ||
| 040 |
_aUKM _cUKM _dDLC |
||
| 042 | _alccopycat | ||
| 050 | 0 | 0 |
_aBP163 _b.A623 2002 |
| 082 | 0 | 0 |
_a909.83 _221 _bTAR |
| 100 | 1 |
_aAli, Tariq. _911601 |
|
| 245 | 1 | 4 |
_aThe clash of fundamentalisms : _bcrusades, jihads and modernity / _cTariq Ali. |
| 260 |
_aLondon : _bVerso, _c2002. |
||
| 300 |
_ax, 342 p. : _bill., map ; _c21 cm. |
||
| 504 | _aIncludes bibliographical references and index. | ||
| 505 | 8 | _aMachine generated contents note: PART I Mullahs and Heretics -- 1 An atheist childhood -- 2 The origins of Islam -- 3 The empire of the world -- 4 Jerusalem, Jerusalem -- 5 Ottomanism -- 6 The joys of heresy -- 7 Women versus the eternal masculine --PART II One Hundred Years of Servitude -- 8 A spring memory -- 9 The roots of Wahhabism -- 10 The kingdom of corruption -- 11 Zionism, the First Oil War, resistance -- 12 Marginal notes on the chapter of defeats -- 13 The anti-imperialism of fools -- 14 An ocean of terror --PART III The Nuclear Wastelands of South Asia -- 15 The case ofAnwar Shaikh -- 16 Plain tales from Pakistan -- 17 Afghanistan: between hammer and anvil -- 18 The story of Kashmir --PART IV A Clash of Fundamentalisms -- 19 A short-course history of US imperialism -- 20 September surprise -- 21 Letter to a young Muslim --Appendix On the Israeli-Arab war -- Isaac Deutscher. | |
| 650 | 0 |
_aIslam _y20th century. |
|
| 650 | 0 |
_aIslamic fundamentalism. _9293 |
|
| 650 | 0 |
_aWorld politics _y20th century. _98464 |
|
| 856 | 4 | 1 |
_3Table of contents _uhttp://www.loc.gov/catdir/toc/fy031/2002280153.html |
| 856 | 4 | 2 |
_3Contributor biographical information _uhttp://www.loc.gov/catdir/enhancements/fy1311/2002280153-b.html |
| 856 | 4 | 2 |
_3Publisher description _uhttp://www.loc.gov/catdir/enhancements/fy1311/2002280153-d.html |
| 906 |
_a7 _bcbc _ccopycat _d2 _encip _f20 _gy-gencatlg |
||
| 942 |
_2ddc _cBK |
||
| 999 |
_c594613 _d594613 |
||